[Event "34th WCh U20 Girls"]
[Site "Bhubaneswar IND"]
[Date "2016.08.18"]
[Round "10.13"]
[White "Mendoza, Shania Mae"]
[Black "Bala Kannamma, P."]
[Result "0-1"]
[WhiteElo "2191"]
[BlackElo "2039"]
[EventDate "2016.08.08"]
[PlyCount "88"]

1.e4 c5 2.Nf3 a6 3.d4 cxd4 4.Nxd4 Nf6 5.Nc3 e5 6.Nde2 Bc5 7.Ng3 d6 8.h3 h5
9.Bd3 h4 10.Nf1 b5 11.Ne3 Be6 12.a3 Nbd7 13.Ned5 Nh5 14.Be2 g6 15.Be3 Bxe3
16.Nxe3 Nb6 17.Qd2 Nf4 18.Rd1 Ke7 19.Bg4 Qd7 20.Ncd5+ Nbxd5 21.Nxd5+ Nxd5 
22.Bxe6 Qxe6 23.Qxd5 Qxd5 24.Rxd5 Rac8 25.c3 Rc4 26.f3 f5 27.exf5 gxf5 28.
Kf2 Rhc8 29.Rhd1 R8c6 30.R1d2 Ke6 31.Rd1 f4 32.R5d2 R4c5 33.Kg1 a5 34.Kh2 
b4 35.cxb4 axb4 36.axb4 Rb5 37.Ra1 Rxb4 38.Ra8 Rd4 39.Re8+ Kd5 40.Rxd4+ 
exd4 41.Re1 d3 42.Rd1 Kd4 43.b4 Ke3 44.b5 Rb6 0-1

[Event "34th WCh U20 Girls"]
[Site "Bhubaneswar IND"]
[Date "2016.08.18"]
[Round "10.14"]
[White "Du Yuxin"]
[Black "Lasya, Goli"]
[Result "1-0"]
[WhiteElo "1957"]
[BlackElo "2084"]
[EventDate "2016.08.08"]
[PlyCount "119"]

1.e4 c5 2.Nf3 d6 3.d4 cxd4 4.Qxd4 Nc6 5.Bb5 Bd7 6.Bxc6 Bxc6 7.Nc3 h6 8.Qd3
Nf6 9.Nd4 e5 10.Nf5 g6 11.Ne3 Rc8 12.O-O Be7 13.Rd1 Kf8 14.Ncd5 Nxd5 15.
Nxd5 Bxd5 16.Qxd5 Rxc2 17.Qxb7 Qb6 18.Qxb6 axb6 19.b3 b5 20.a4 bxa4 21.
bxa4 Rc6 22.a5 Ra6 23.Bd2 Kg7 24.Rdb1 Rc8 25.Rb6 Rxb6 26.axb6 Rc2 27.Rb1 
d5 28.b7 Bd6 29.Bb4 Bb8 30.exd5 Kf6 31.Kf1 Rc4 32.Bf8 h5 33.Rb6+ Kf5 34.
Rc6 Rd4 35.Rc8 Ba7 36.Bc5 Rd1+ 37.Ke2 Rb1 38.Bxa7 Rxb7 39.Be3 Rd7 40.Rc5 
f6 41.Kd3 h4 42.f3 g5 43.h3 Rd8 44.Bd2 Ra8 45.Ra5 Rb8 46.Bc3 Rb1 47.Ra2 
Rb8 48.Ra6 Rd8 49.Kc4 Rc8+ 50.Rc6 Ra8 51.Bb4 Kf4 52.d6 Kg3 53.d7 Rd8 54.
Rc7 Kxg2 55.Be7 Rxd7 56.Rxd7 Kxh3 57.Bxf6 Kg2 58.Bxg5 h3 59.Rh7 h2 60.Kd5 
1-0

[Event "34th WCh U20 Girls"]
[Site "Bhubaneswar IND"]
[Date "2016.08.18"]
[Round "10.17"]
[White "Soyunlu, Narmin"]
[Black "Gomez Barrera, Javiera Belen"]
[Result "1/2-1/2"]
[WhiteElo "2074"]
[BlackElo "2055"]
[EventDate "2016.08.08"]
[PlyCount "120"]

1.c4 c5 2.Nc3 Nc6 3.g3 g6 4.Bg2 Bg7 5.e3 a6 6.Nge2 b5 7.d3 Rb8 8.O-O e6 9.
Ne4 Qe7 10.cxb5 Rxb5 11.d4 cxd4 12.Nxd4 Nxd4 13.exd4 Bb7 14.Bf4 Bxe4 15.
Bxe4 Nf6 16.Bd3 Rb6 17.Bc7 Rb7 18.Rc1 Nd5 19.Ba5 O-O 20.b3 Qa3 21.Qd2 Nb4 
22.Bxb4 Rxb4 23.d5 Rd4 24.Qe2 Rxd5 25.Bxa6 Ra5 26.Bb5 d5 27.Rc2 Qb4 28.Bc6
e5 29.Qd2 Qxd2 30.Rxd2 d4 31.b4 Ra3 32.f4 Rc8 33.b5 exf4 34.gxf4 Rd8 35.
Kh1 Bf8 36.Rf3 Rxf3 37.Bxf3 Bh6 38.a4 Bxf4 39.Rd3 Bc7 40.Rb3 Rd6 41.Be2 f5
42.Bd3 Kf7 43.Rb4 Ke7 44.Rc4 Kd7 45.Kg2 Bb6 46.h3 Ba5 47.Rc5 Bb6 48.Rc4 
Re6 49.a5 Bxa5 50.Rxd4+ Rd6 51.Rxd6+ Kxd6 52.Kf3 Ke5 53.Be2 h5 54.Ke3 Bb6+
55.Kf3 g5 56.Bd1 Ba5 57.Kg3 g4 58.hxg4 Be1+ 59.Kh3 fxg4+ 60.Bxg4 hxg4+ 
1/2-1/2

[Event "34th WCh U20 Girls"]
[Site "Bhubaneswar IND"]
[Date "2016.08.18"]
[Round "10.17"]
[White "Kiolbasa, Oliwia"]
[Black "Hoare, Amy"]
[Result "1-0"]
[WhiteElo "2319"]
[BlackElo "2017"]
[EventDate "2016.08.08"]
[PlyCount "151"]

1.e4 e5 2.Nf3 Nc6 3.Bc4 Bc5 4.O-O Nf6 5.d3 h6 6.c3 d6 7.a4 a6 8.Na3 O-O 9.
Nc2 Ne7 10.a5 Ng6 11.b4 Ba7 12.Be3 Bxe3 13.Nxe3 Re8 14.Re1 Be6 15.Bxe6 
Rxe6 16.Qb3 Nd7 17.Nf5 Nf4 18.Rad1 Qf6 19.g3 Qg6 20.Kh1 Qh5 21.Ng1 Nh3 22.
Nxh3 Qxh3 23.Qa2 Nf6 24.f3 g6 25.Ne3 c6 26.c4 Re7 27.d4 exd4 28.Rxd4 Ne8 
29.Ng2 Qc8 30.Red1 Qc7 31.Nf4 Kh7 32.Qc2 b6 33.axb6 Qxb6 34.c5 dxc5 35.
bxc5 Qc7 36.Qa4 a5 37.Rd6 Rc8 38.e5 Ng7 39.Nd3 Nf5 40.f4 Qb7 41.Qxa5 Qb3 
42.Qd2 Ra7 43.Nc1 Qf3+ 44.Kg1 Nxd6 45.exd6 Re8 46.Rf1 Qa3 47.Nd3 Qb3 48.f5
Qd5 49.fxg6+ fxg6 50.Qc3 Re2 51.Nf2 Raa2 52.Qf6 Qxc5 53.Qf7+ Kh8 54.Qf8+ 
Kh7 55.Qf7+ Kh8 56.Qf6+ Kh7 57.d7 Rxf2 58.Rxf2 Rxf2 59.Qxf2 Qd5 60.Qa7 
Qd1+ 61.Kg2 Qe2+ 62.Qf2 Qe4+ 63.Qf3 Qe7 64.Qd3 Qd8 65.Qd6 Kg7 66.Qxc6 Kf7 
67.Qd6 Qa8+ 68.Kf2 Qd8 69.Kf3 h5 70.Kf4 h4 71.g4 g5+ 72.Ke5 Qa5+ 73.Qd5+ 
Qxd5+ 74.Kxd5 Ke7 75.Kc6 Kd8 76.Kd6 1-0

[Event "34th WCh U20 Girls"]
[Site "Bhubaneswar IND"]
[Date "2016.08.18"]
[Round "10.18"]
[White "Chitlange, Sakshi"]
[Black "Monnisha, Gajendra Babu Kannaiyan"]
[Result "1/2-1/2"]
[WhiteElo "2014"]
[BlackElo "2101"]
[EventDate "2016.08.08"]
[PlyCount "275"]

1.d4 Nf6 2.c4 Nc6 3.Nf3 e6 4.a3 d6 5.Nc3 g6 6.Bg5 Bg7 7.e3 h6 8.Bh4 g5 9.
Bg3 Nh5 10.Nd2 Nxg3 11.hxg3 Bd7 12.Be2 Qe7 13.Nb5 Rc8 14.Bf3 a6 15.Nc3 Rb8
16.Rc1 O-O 17.g4 f5 18.Nb3 Qf6 19.gxf5 exf5 20.Nd5 Qd8 21.g3 Ne7 22.Nc3 c6
23.c5 d5 24.Ne2 Ng6 25.Bh5 Qf6 26.f4 Rbe8 27.Rc3 Re7 28.Kf2 Be8 29.Bxg6 
Bxg6 30.Nd2 g4 31.Nc1 Qe6 32.Nf1 Rfe8 33.Nd3 Rb8 34.Ne5 Be8 35.Kg1 h5 36.
Nd2 Bf6 37.Nb3 Rh7 38.Rc2 Rd8 39.Nc1 Bxe5 40.fxe5 f4 41.exf4 Bg6 42.Rf2 
Qf5 43.Qd2 Rb8 44.Nb3 Rf8 45.Rh4 Re7 46.Qc3 Rb8 47.Na5 Rf7 48.Rf1 Rbf8 49.
a4 Qg5 50.Qd2 Qf5 51.Nb3 Kg7 52.a5 Rh8 53.Nc1 Qe6 54.Ne2 Bf5 55.Nc3 Kg6 
56.Nd1 Rh6 57.Ne3 Rh8 58.Ng2 Kg7 59.Rh2 Rh7 60.Nh4 Kg8 61.Qb4 Bd3 62.Rff2 
Bf5 63.Qd2 Rf8 64.Rf1 Rff7 65.Ra1 Rf8 66.Ra3 Kg7 67.Rb3 Kh6 68.Qe3 Rff7 
69.Kf2 Rhg7 70.Kg1 Rh7 71.Rf2 Rhg7 72.Rb6 Kh7 73.Rf1 Kh6 74.Ra1 Kh7 75.Ra3
Bc2 76.Qd2 Be4 77.Rab3 Qh6 78.Kf2 Qe6 79.Kg1 Qh6 80.R3b4 Kg8 81.Ra4 Kh8 
82.Ra1 Qe6 83.Rf1 Bf5 84.Rf2 Rh7 85.Rh2 Kg8 86.Rb3 Rhg7 87.Re3 Rh7 88.b4 
Rhg7 89.Kf1 Rh7 90.Ke1 Rh6 91.Kd1 Rhh7 92.Kc1 Kf8 93.Kb2 Ke8 94.Ka3 Kd7 
95.Re1 Re7 96.Ng2 Qf7 97.Ne3 Ke6 98.Rh4 Re8 99.Reh1 Reh8 100.R1h2 Qg6 101.
Rf2 Rf7 102.Nd1 Rfh7 103.Nc3 Rf8 104.Na4 Rfh8 105.Nb6 Rf8 106.Qa2 Bb1 107.
Qd2 Be4 108.Na4 Bb1 109.Nc3 Bf5 110.Ne2 Rd8 111.Rfh2 Rdh8 112.Nc3 Rd8 113.
Qg2 Re8 114.Qd2 Rd8 115.Nd1 Rf8 116.Ne3 Rfh8 117.Nxf5 Qxf5 118.Qc2 Rh6 
119.Qxf5+ Kxf5 120.Re2 Re6 121.Kb3 Rh7 122.Kc3 Rh8 123.Kd3 Rh7 124.Reh2 
Reh6 125.Rh1 Rh8 126.R4h2 R8h7 127.Rh4 Rh8 128.e6 Kxe6 129.Re1+ Kf7 130.
Re5 R8h7 131.Ke3 Kf6 132.Kd3 Kf7 133.Rf5+ Kg6 134.Re5 Kf7 135.Ke3 Kf6 136.
Kd3 Kf7 137.Ke3 Kf6 138.Kd3 1/2-1/2

[Event "34th WCh U20 Girls"]
[Site "Bhubaneswar IND"]
[Date "2016.08.18"]
[Round "10.19"]
[White "Chandreyee, Hajra"]
[Black "Visanescu, Daria-Ioana"]
[Result "1/2-1/2"]
[WhiteElo "1931"]
[BlackElo "2067"]
[EventDate "2016.08.08"]
[PlyCount "172"]

1.e4 e6 2.d4 d5 3.Nc3 Nf6 4.e5 Nfd7 5.f4 c5 6.Be3 Nc6 7.Nf3 Be7 8.Qd2 a6 
9.dxc5 Bxc5 10.O-O-O Qa5 11.Bxc5 Nxc5 12.f5 Bd7 13.Qg5 Ne4 14.Nxe4 dxe4 
15.Bc4 exf3 16.fxe6 Bxe6 17.Bxe6 O-O 18.Bb3 Qxe5 19.Qxe5 Nxe5 20.gxf3 Rad8
21.Bd5 b6 22.Rd2 g6 23.h3 Kg7 24.f4 Nd7 25.Rhd1 Nf6 26.Bb7 Rxd2 27.Rxd2 a5
28.Rd6 Rb8 29.Rxb6 Ne4 30.c3 Nc5 31.Rb5 Nxb7 32.Kb1 Kf6 33.b4 axb4 34.cxb4
Ke7 35.a4 Kd7 36.Kb2 Kc6 37.Re5 Nd6 38.Kc3 Re8 39.b5+ Kb6 40.Rd5 Nb7 41.
Rd7 Re3+ 42.Kd2 Rxh3 43.Rxf7 Nc5 44.f5 Ne4+ 45.Kc2 gxf5 46.Rxf5 Ka5 47.Re5
Nc3 48.Kd2 Nxa4 49.Ke2 Nc3+ 50.Kf2 Nxb5 51.Kg2 Rc3 52.Re7 Rc7 53.Re5 Kb6 
54.Kh3 Kc6 55.Kh4 Nd4 56.Kh5 Kd6 57.Re8 Ne6 58.Kh6 Ke5 59.Ra8 Rc2 60.Kxh7 
Kf6 61.Ra6 Rc7+ 62.Kh6 Kf7 63.Ra1 Rc4 64.Rf1+ Ke7 65.Kg6 Rg4+ 66.Kf5 Rg8 
67.Ra1 Rf8+ 68.Ke5 Nc5 69.Kd5 Rf5+ 70.Kc6 Nd7 71.Re1+ Kd8 72.Rd1 Rc5+ 73.
Kd6 Rh5 74.Kc6 Rh7 75.Rd6 Kc8 76.Re6 Nb8+ 77.Kd6 Rd7+ 78.Ke5 Kc7 79.Kf6 
Nc6 80.Re1 Rd6+ 81.Re6 Rd1 82.Kg5 Kd7 83.Rh6 Ne5 84.Kf5 Nf7 85.Ra6 Nd6+ 
86.Ke5 Re1+ 1/2-1/2

[Event "34th WCh U20 Girls"]
[Site "Bhubaneswar IND"]
[Date "2016.08.18"]
[Round "10.20"]
[White "Thomas, Anysia"]
[Black "Divya Lakshmi, R."]
[Result "1/2-1/2"]
[WhiteElo "2049"]
[BlackElo "1864"]
[EventDate "2016.08.08"]
[PlyCount "99"]

1.d4 d5 2.c4 c6 3.Nf3 Nf6 4.e3 Bf5 5.Nc3 e6 6.Nh4 Bg6 7.Be2 Be7 8.O-O Nbd7
9.Bd2 O-O 10.Nxg6 hxg6 11.b3 Rc8 12.Bf3 Bd6 13.g3 Re8 14.Re1 Bb8 15.Bg2 
Nb6 16.c5 Nbd7 17.f4 b5 18.b4 Nh7 19.a4 a6 20.axb5 axb5 21.Bf1 g5 22.Bd3 
f5 23.Qb1 Qf6 24.Nxb5 gxf4 25.exf4 cxb5 26.Bxb5 Re7 27.Qd3 Kf7 28.Ra6 Ndf8
29.Bc6 Ra7 30.Rxa7+ Bxa7 31.Qa6 Rc7 32.Re5 Ng6 33.Be8+ Kg8 34.Bxg6 Qxg6 
35.Qxe6+ Qxe6 36.Rxe6 Rb7 37.Ra6 Nf6 38.b5 Bxc5 39.dxc5 Rxb5 40.c6 Rc5 41.
Be3 Rc4 42.Bd2 d4 43.Ba5 Nd5 44.Ra8+ Kh7 45.Rd8 Rc5 46.Bd2 Nc3 47.Kf1 Nb5 
48.c7 Rxc7 49.Rd5 Rc2 50.Rxb5 1/2-1/2

[Event "34th WCh U20 Girls"]
[Site "Bhubaneswar IND"]
[Date "2016.08.18"]
[Round "10.21"]
[White "Hiebler, Laura"]
[Black "Priyanka, Nutakki"]
[Result "0-1"]
[WhiteElo "2110"]
[BlackElo "2234"]
[EventDate "2016.08.08"]
[PlyCount "58"]

1.c4 e6 2.g3 Nf6 3.Bg2 d5 4.b3 Be7 5.Bb2 O-O 6.e3 Nbd7 7.Ne2 c6 8.O-O b6 
9.Nbc3 Bb7 10.d4 Rc8 11.Rc1 Ba6 12.Nb1 c5 13.cxd5 Nxd5 14.Bxd5 exd5 15.
Nbc3 cxd4 16.exd4 Nf6 17.Re1 Bd6 18.Qd2 Qd7 19.Nf4 Qf5 20.Nce2 Ne4 21.Qe3 
Rce8 22.Nc3 Nxc3 23.Qxe8 Ne4 24.Rxe4 dxe4 25.Qc6 Bxf4 26.gxf4 Qg4+ 27.Kh1 
Be2 28.Rc3 Bf3+ 29.Rxf3 exf3 0-1

[Event "34th WCh U20 Girls"]
[Site "Bhubaneswar IND"]
[Date "2016.08.18"]
[Round "10.22"]
[White "Vantika, Agrawal"]
[Black "Yanjinlkham, Bayarsaikhan"]
[Result "1-0"]
[WhiteElo "1974"]
[BlackElo "1990"]
[EventDate "2016.08.08"]
[PlyCount "75"]

1.d4 d5 2.c4 c6 3.Nf3 Nf6 4.e3 g6 5.Nc3 Bg7 6.Be2 O-O 7.O-O Nbd7 8.cxd5 
cxd5 9.Qb3 Nb8 10.Bd2 Nc6 11.Rfc1 Na5 12.Qb4 b6 13.Ne5 Nd7 14.Nxd7 Qxd7 
15.Nxd5 Bb7 16.Nxe7+ Kh8 17.Bb5 Qe6 18.d5 Bxd5 19.Nxd5 Qxd5 20.Bc3 Rad8 
21.Be2 Qe6 22.Bg4 Qe8 23.Bf3 Rc8 24.Bxg7+ Kxg7 25.Qd4+ Kg8 26.Bd5 Nc6 27.
Qe4 Qxe4 28.Bxe4 Ne5 29.Bd5 Rcd8 30.e4 Nd3 31.Rc7 Nb4 32.Rd1 Nxd5 33.exd5 
a5 34.d6 Rb8 35.d7 Rfd8 36.Rdc1 Kf8 37.Rc8 Ke7 38.Rxb8 1-0

[Event "34th WCh U20 Girls"]
[Site "Bhubaneswar IND"]
[Date "2016.08.18"]
[Round "10.23"]
[White "Santeramo, Alessia"]
[Black "Leonardi, Caterina"]
[Result "1/2-1/2"]
[WhiteElo "2137"]
[BlackElo "2061"]
[EventDate "2016.08.08"]
[PlyCount "129"]

1.e4 d6 2.d4 g6 3.Nc3 Bg7 4.Be3 a6 5.Nf3 b5 6.Bd3 Bb7 7.e5 e6 8.O-O dxe5 
9.Nxe5 Nd7 10.Nxd7 Qxd7 11.Be4 Bxe4 12.Nxe4 Nf6 13.Nxf6+ Bxf6 14.Qf3 Qd8 
15.Qc6+ Kf8 16.a4 b4 17.Rad1 Kg7 18.d5 Qe8 19.Qxc7 exd5 20.Rxd5 Rc8 21.Qf4
Qxa4 22.Bd4 Rc6 23.b3 Qa2 24.Rd6 Rxd6 25.Qxd6 Bxd4 26.Qxd4+ f6 27.Qa7+ Kh6
28.Qe3+ g5 29.f4 Rg8 30.fxg5+ fxg5 31.Qh3+ Kg7 32.Qh5 Kh8 33.Qg4 Qb2 34.
Qxb4 Qe5 35.c4 a5 36.Qd2 Rb8 37.Qd3 Kg7 38.Qd7+ Kh8 39.Qd3 Kg7 40.h3 Rf8 
41.Qd7+ Kg8 42.Qd5+ Qxd5 43.cxd5 Rb8 44.Ra1 Rb5 45.Rd1 Rxb3 46.d6 Rb8 47.
Rd5 h6 48.Rxa5 Rb1+ 49.Kf2 Rd1 50.Ra8+ Kf7 51.Rd8 Rd2+ 52.Kf3 h5 53.d7 Ke7
54.Rg8 g4+ 55.hxg4 hxg4+ 56.Rxg4 Kf6 57.Rf4+ Kg6 58.Rg4+ Kf6 59.Ra4 Rxd7 
60.Kf4 Rb7 61.Ra6+ Kg7 62.g4 Rb5 63.g5 Rb1 64.Ra5 Kg6 65.Ke4 1/2-1/2

[Event "34th WCh U20 Girls"]
[Site "Bhubaneswar IND"]
[Date "2016.08.18"]
[Round "10.24"]
[White "Sapale, Saloni"]
[Black "Kakulidis, Ellen"]
[Result "1/2-1/2"]
[WhiteElo "2080"]
[BlackElo "1989"]
[EventDate "2016.08.08"]
[PlyCount "67"]

1.e4 c5 2.Nf3 e6 3.d4 cxd4 4.Nxd4 Nc6 5.Nc3 Qc7 6.Be3 a6 7.Be2 b5 8.O-O 
Bb7 9.a3 Nf6 10.Nxc6 Bxc6 11.Qd4 d5 12.e5 Nd7 13.f4 Bc5 14.Qd3 Bxe3+ 15.
Qxe3 Qb6 16.Qxb6 Nxb6 17.Rfd1 Ke7 18.Bf3 Rac8 19.Ne2 g5 20.g3 gxf4 21.gxf4
Nc4 22.Rab1 Ne3 23.Rd2 Rhg8+ 24.Kf2 Ng4+ 25.Bxg4 Rxg4 26.h3 Rg6 27.Rg1 
Rxg1 28.Nxg1 Be8 29.c3 Rc4 30.Rd4 Rxd4 31.cxd4 f6 32.b4 Bh5 33.h4 Bg4 34.
Kg3 1/2-1/2

[Event "34th WCh U20 Girls"]
[Site "Bhubaneswar IND"]
[Date "2016.08.18"]
[Round "10.25"]
[White "Albekova, Dilyara"]
[Black "Choladze, Mariami"]
[Result "0-1"]
[WhiteElo "1732"]
[BlackElo "2077"]
[EventDate "2016.08.08"]
[PlyCount "120"]

1.e4 c5 2.Nf3 e6 3.Nc3 a6 4.a4 Qc7 5.Bc4 Nc6 6.d3 Nf6 7.O-O Be7 8.Ng5 h6 
9.Nh3 O-O 10.f4 d5 11.exd5 exd5 12.Nxd5 Nxd5 13.Bxd5 Nb4 14.Be4 Bxh3 15.
gxh3 c4 16.d4 c3 17.bxc3 Qxc3 18.Ra3 Qc4 19.Rg3 Bf6 20.c3 Nd5 21.Bd3 Qc6 
22.Qh5 Nxc3 23.Be3 Rfe8 24.Qxh6 Ne2+ 25.Kf2 Nxg3 26.Qh7+ Kf8 27.hxg3 g6 
28.f5 Rxe3 29.Qh6+ Kg8 30.Qxe3 Re8 31.Qf4 Qc3 32.fxg6 Qxd3 33.gxf7+ Kxf7 
34.Kg2 Qe4+ 35.Qxe4 Rxe4 36.Rb1 Re7 37.Rb4 b5 38.axb5 Rb7 39.b6 Bd8 40.Kf3
Rxb6 41.Ra4 a5 42.Ra3 Rb4 43.Ke4 Bb6 44.Kf5 Rxd4 45.Ke5 Rb4 46.g4 a4 47.
Kd5 Kg6 48.Ke5 Bd4+ 49.Kd5 Bb2 50.Ra2 a3 51.Kc5 Rb3 52.h4 Rg3 53.Kc4 Rxg4+
54.Kb3 Rxh4 55.Kc2 Kf5 56.Kb3 Ke5 57.Kc2 Kd4 58.Kb3 Kc5 59.Kc2 Kc4 60.Kb1 
Kc3 0-1

[Event "34th WCh U20 Girls"]
[Site "Bhubaneswar IND"]
[Date "2016.08.18"]
[Round "10.26"]
[White "Ayinala, Shree"]
[Black "Minaud, Emily"]
[Result "1-0"]
[WhiteElo "1464"]
[BlackElo "1721"]
[EventDate "2016.08.08"]
[PlyCount "69"]

1.c4 Nf6 2.g3 e5 3.Bg2 Nc6 4.Nc3 Bb4 5.e3 O-O 6.Nge2 d6 7.O-O Be6 8.b3 Qd7
9.d4 exd4 10.exd4 d5 11.Bb2 Rad8 12.c5 b6 13.Nb1 bxc5 14.a3 Ba5 15.dxc5 
Qe7 16.b4 Nxb4 17.axb4 Bxb4 18.Nf4 Bxc5 19.Nxe6 fxe6 20.Ba3 Ra8 21.Bxc5 
Qxc5 22.Nd2 Qd6 23.Nf3 c5 24.Re1 Rfc8 25.Ne5 c4 26.Rc1 Qe7 27.Bh3 Re8 28.
Nc6 Qd6 29.Rxc4 Rac8 30.Ne7+ Qxe7 31.Rxc8 Rxc8 32.Bxe6+ Kf8 33.Bxc8 Qc5 
34.Qc1 Qb6 35.Qa3+ 1-0

[Event "34th WCh U20 Girls"]
[Site "Bhubaneswar IND"]
[Date "2016.08.18"]
[Round "10.27"]
[White "Barbier, Astrid"]
[Black "Gamage, Nethmi Nirasha"]
[Result "0-1"]
[WhiteElo "1853"]
[BlackElo "1559"]
[EventDate "2016.08.08"]
[PlyCount "112"]

1.e4 c5 2.Nc3 a6 3.g4 b5 4.Bg2 Bb7 5.Nge2 d6 6.Ng3 e6 7.d3 Ne7 8.O-O Ng6 
9.f4 Nc6 10.Nce2 Qc7 11.c3 O-O-O 12.Be3 d5 13.e5 Nge7 14.a4 Ng8 15.d4 c4 
16.b3 cxb3 17.axb5 axb5 18.Qxb3 Qb6 19.Rfb1 Ba6 20.Qa2 Bb7 21.Bf1 Kc7 22.
Nc1 b4 23.Qc2 Kd7 24.Nd3 g6 25.Nc5+ Ke8 26.cxb4 Nge7 27.Na4 Qa7 28.b5 Nxd4
29.Qf2 Nf3+ 30.Qxf3 d4 31.Qe2 dxe3 32.b6 Qb8 33.Qxe3 Bc6 34.Ne4 Nd5 35.
Nf6+ Nxf6 36.exf6 Bd6 37.Rd1 Bxf4 38.Rxd8+ Kxd8 39.Rd1+ Ke8 40.Qf2 Bxa4 
41.Rd4 Bxh2+ 42.Qxh2 Qxb6 43.Qe5 h5 44.g5 h4 45.Kh2 Qb2+ 46.Be2 Bd7 47.Qe4
Qb8+ 48.Kh1 h3 49.Rb4 Qd8 50.Qe5 Qa8+ 51.Re4 Bc6 52.Bb5 Bxb5 53.Qxb5+ Kf8 
54.Qb4+ Kg8 55.Kg1 h2+ 56.Kh1 Rh4 0-1

[Event "34th WCh U20 Girls"]
[Site "Bhubaneswar IND"]
[Date "2016.08.19"]
[Round "11.1"]
[White "Rodriguez Rueda, Paula Andrea"]
[Black "Frayna, Janelle Mae"]
[Result "1-0"]
[WhiteElo "2321"]
[BlackElo "2292"]
[EventDate "2016.08.08"]
[PlyCount "119"]

1.d4 d5 2.c4 c6 3.Nf3 Nf6 4.e3 e6 5.Bd3 Nbd7 6.O-O Bd6 7.Nc3 O-O 8.e4 dxc4
9.Bxc4 e5 10.Bg5 h6 11.Bh4 Qc7 12.Rc1 exd4 13.Nb5 cxb5 14.Bxf7+ Rxf7 15.
Rxc7 Bxc7 16.Nxd4 Nxe4 17.f3 Ng5 18.Nxb5 Bb6+ 19.Bf2 Nf8 20.h4 Ngh7 21.
Bxb6 axb6 22.Qd8 Rd7 23.Qxb6 Ra6 24.Qc5 Rc6 25.Qb4 Nf6 26.Na7 Rcc7 27.Re1 
Rd8 28.Qa5 Rcd7 29.Qc3 Rd1 30.Qb3+ Be6 31.Rxd1 Bxb3 32.Rxd8 Bxa2 33.Nb5 
Kf7 34.Nc3 Bc4 35.Rc8 Ba6 36.b4 b6 37.Rc7+ Kg6 38.b5 Ne6 39.Rc6 Bxb5 40.
Nxb5 Nf4 41.Rxb6 Nd5 42.Rb7 h5 43.Nd4 Ne8 44.Nc6 Kf6 45.Nb4 Nf4 46.Rb6+ 
Kf5 47.Rb5+ Kg6 48.Nd5 Ne6 49.Kf2 Kh7 50.Rb7 Nd4 51.Re7 Nd6 52.Rd7 N4b5 
53.Nc7 Nxc7 54.Rxd6 Ne8 55.Rc6 g6 56.Ke3 Kg7 57.Kf4 Nf6 58.g3 Nh7 59.Rc7+ 
Kh6 60.Rf7 1-0

[Event "34th WCh U20 Girls"]
[Site "Bhubaneswar IND"]
[Date "2016.08.19"]
[Round "11.2"]
[White "Nandhidhaa, Venkatachalam"]
[Black "Bivol, Alina"]
[Result "1-0"]
[WhiteElo "2151"]
[BlackElo "2362"]
[EventDate "2016.08.08"]
[PlyCount "115"]

1.b3 e5 2.Bb2 Nc6 3.e3 d5 4.Bb5 Bd6 5.Nf3 Qe7 6.c4 Nf6 7.c5 Bxc5 8.Nxe5 
Qd6 9.O-O O-O 10.d4 Bb4 11.a3 Ba5 12.Bxc6 bxc6 13.Qc2 Ng4 14.b4 Bb6 15.
Qxc6 Nxe5 16.Qxd6 cxd6 17.dxe5 dxe5 18.Bxe5 Ba6 19.Rc1 Rfe8 20.Bb2 f5 21.
a4 Rac8 22.Na3 Bc4 23.a5 Bd8 24.Bd4 Be7 25.Nxc4 dxc4 26.b5 Bf6 27.Bxf6 
gxf6 28.b6 axb6 29.axb6 c3 30.g3 c2 31.Ra2 Re6 32.b7 Rb8 33.Ra8 Ree8 34.
Rxc2 Rxa8 35.bxa8=Q Rxa8 36.Rc5 f4 37.gxf4 Kg7 38.f5 Kh6 39.Kg2 Rg8+ 40.
Kf3 Rg1 41.Rc7 Rg5 42.e4 Rh5 43.Rf7 Rxh2 44.Rxf6+ Kg5 45.Rf8 Rh3+ 46.Kg2 
Rh4 47.f3 Kf4 48.Re8 Rh6 49.Re6 Rh5 50.f6 Rg5+ 51.Kf2 Rg3 52.f7 Rxf3+ 53.
Ke2 Kg3 54.Re7 Rf2+ 55.Ke1 h5 56.e5 h4 57.e6 h3 58.Re8 1-0

[Event "34th WCh U20 Girls"]
[Site "Bhubaneswar IND"]
[Date "2016.08.19"]
[Round "11.3"]
[White "Saduakasova, Dinara"]
[Black "Vaishali, Ramesh Babu"]
[Result "1-0"]
[WhiteElo "2423"]
[BlackElo "2284"]
[EventDate "2016.08.08"]
[PlyCount "69"]

1.d4 Nf6 2.c4 e6 3.Nf3 d5 4.g3 Bb4+ 5.Bd2 Bd6 6.Nc3 O-O 7.Bg2 c6 8.b3 Ne4 
9.O-O f5 10.Rc1 Nd7 11.Bf4 Bxf4 12.gxf4 b6 13.e3 Ba6 14.Ne2 Rc8 15.Ne5 c5 
16.cxd5 exd5 17.dxc5 Nxe5 18.fxe5 bxc5 19.Re1 Bxe2 20.Rxe2 f4 21.exf4 Rxf4
22.Bxe4 dxe4 23.Qxd8+ Rxd8 24.Rxc5 Rd1+ 25.Kg2 Rg4+ 26.Kh3 Rdg1 27.Rc1 Kf7
28.Rxg1 Rxg1 29.Rxe4 h5 30.f4 Ke6 31.f5+ Kxf5 32.e6 g5 33.e7 g4+ 34.Kh4 g3
35.e8=Q 1-0

[Event "34th WCh U20 Girls"]
[Site "Bhubaneswar IND"]
[Date "2016.08.19"]
[Round "11.4"]
[White "Michelle Catherina"]
[Black "Buksa, Natalia"]
[Result "1-0"]
[WhiteElo "2205"]
[BlackElo "2261"]
[EventDate "2016.08.08"]
[PlyCount "159"]

1.e4 e5 2.Nf3 Nc6 3.Bb5 a6 4.Ba4 Nf6 5.O-O Bc5 6.c3 b5 7.Bb3 d6 8.a4 Rb8 
9.d4 Bb6 10.a5 Ba7 11.Be3 exd4 12.cxd4 O-O 13.Nbd2 h6 14.Qc2 Ne7 15.Rfc1 
c6 16.h3 Bb7 17.e5 Nfd5 18.exd6 Qxd6 19.Ne4 Qc7 20.Bd2 Rbd8 21.Nc5 Bc8 22.
Re1 Qd6 23.Rac1 Rfe8 24.Qe4 Bb8 25.Qe5 Kf8 26.Qxd6 Bxd6 27.Ne5 f6 28.Ned3 
Nf5 29.Bxd5 cxd5 30.Bc3 Bc7 31.Bb4 Bd6 32.Bc3 Bc7 33.Kf1 Rxe1+ 34.Nxe1 Kf7
35.Nc2 Nd6 36.Nb4 Nc4 37.b3 Nxa5 38.Nbxa6 Bxa6 39.Nxa6 Bb6 40.Bxa5 Bxa5 
41.Rc6 Ra8 42.Ke2 Ke7 43.Nc5 Bb4 44.Re6+ Kf7 45.Rd6 Ra2+ 46.Ke3 Rb2 47.
Rd7+ Kg6 48.Rxd5 Bxc5 49.dxc5 Rxb3+ 50.Rd3 Rb1 51.Kd2 Ra1 52.Kc2 b4 53.Kb3
Rb1+ 54.Kc4 Rb2 55.g3 Kf5 56.Re3 h5 57.c6 Rxf2 58.Kxb4 Rc2 59.Kb5 h4 60.
gxh4 Kf4 61.Re7 g5 62.hxg5 fxg5 63.Kb6 Rb2+ 64.Ka7 Rb3 65.Rh7 Ra3+ 66.Kb7 
Rc3 67.c7 Rb3+ 68.Kc6 Rc3+ 69.Kd7 Rd3+ 70.Ke8 Rc3 71.Kd8 Rd3+ 72.Kc8 Rb3 
73.Rh8 Kg3 74.Kd7 Rd3+ 75.Ke6 Rc3 76.c8=Q Rxc8 77.Rxc8 Kxh3 78.Kf5 g4 79.
Rh8+ Kg3 80.Rg8 1-0

[Event "34th WCh U20 Girls"]
[Site "Bhubaneswar IND"]
[Date "2016.08.19"]
[Round "11.5"]
[White "Dordzhieva, Dinara"]
[Black "Tokhiryonova, Gulrukhbegim"]
[Result "1-0"]
[WhiteElo "2304"]
[BlackElo "2328"]
[EventDate "2016.08.08"]
[PlyCount "65"]

1.c4 c6 2.Nf3 d5 3.g3 Bg4 4.Bg2 e6 5.O-O Nf6 6.b3 Nbd7 7.Bb2 Bd6 8.d4 O-O 
9.Ne5 Bf5 10.Nd2 Ng4 11.e4 Ndxe5 12.dxe5 Bc5 13.exf5 Nxf2 14.Rxf2 Bxf2+ 
15.Kxf2 Qb6+ 16.Kf1 exf5 17.cxd5 cxd5 18.Nf3 Rad8 19.Nd4 f6 20.e6 Rfe8 21.
Qf3 g6 22.a4 a6 23.Re1 Qd6 24.Qf4 Qe7 25.Rc1 Rc8 26.Rxc8 Rxc8 27.Bxd5 Re8 
28.Qh4 Rf8 29.Ba3 Qxa3 30.e7+ Kh8 31.exf8=Q+ Qxf8 32.Ne6 Qe7 33.Qh6 1-0

[Event "34th WCh U20 Girls"]
[Site "Bhubaneswar IND"]
[Date "2016.08.19"]
[Round "11.6"]
[White "Bala Kannamma, P."]
[Black "Injac, Teodora"]
[Result "1/2-1/2"]
[WhiteElo "2039"]
[BlackElo "2252"]
[EventDate "2016.08.08"]
[PlyCount "86"]

1.e4 e6 2.d4 d5 3.Nd2 c5 4.exd5 exd5 5.Ngf3 a6 6.Be2 Nf6 7.O-O Be7 8.dxc5 
Bxc5 9.Nb3 Bb6 10.Bg5 O-O 11.c3 Re8 12.Re1 Bxf2+ 13.Kxf2 Ne4+ 14.Kg1 Nxg5 
15.Nxg5 Qxg5 16.Bxa6 Rxe1+ 17.Qxe1 Qd8 18.Bf1 Be6 19.Nd4 Qb6 20.Qf2 Nc6 
21.Nxc6 Qxc6 22.a3 Ra4 23.Rd1 h6 24.Rd4 Rxd4 25.Qxd4 Bf5 26.a4 Bc2 27.a5 
Bb3 28.Qb6 Qxb6+ 29.axb6 Ba4 30.b4 Bc6 31.Kf2 Kf8 32.Ke3 Ke7 33.Kd4 Kd6 
34.Be2 Ba4 35.Bf3 Bb3 36.g3 f5 37.h4 g5 38.hxg5 hxg5 39.Bh1 Bc4 40.Bf3 Bb3
41.Bh1 Bc4 42.Bf3 Ke6 43.Bg2 Kd6 1/2-1/2

[Event "34th WCh U20 Girls"]
[Site "Bhubaneswar IND"]
[Date "2016.08.19"]
[Round "11.7"]
[White "Gu Tianlu"]
[Black "Ivanova, Karina"]
[Result "1/2-1/2"]
[WhiteElo "2239"]
[BlackElo "2129"]
[EventDate "2016.08.08"]
[PlyCount "120"]

1.d4 Nf6 2.Nf3 e6 3.e3 b6 4.Bd3 Bb7 5.O-O c5 6.c4 cxd4 7.exd4 Be7 8.b3 d5 
9.Bb2 O-O 10.Nc3 Nc6 11.a3 Rc8 12.Rc1 Re8 13.Re1 h6 14.Na4 dxc4 15.bxc4 
Na5 16.Ne5 Ba6 17.Qe2 Bf8 18.Rc2 Qc7 19.Nc3 Bb7 20.Bc1 Qd8 21.Bb2 Qc7 22.
Nd1 Bd6 23.f4 Qe7 24.f5 Bxa3 25.fxe6 fxe6 26.Ng6 Qb4 27.Bc3 Qd6 28.c5 Qc7 
29.Ra2 Bc1 30.cxb6 axb6 31.Rc2 Nb3 32.Bb5 Nxd4 33.Bxd4 Qxc2 34.Bxe8 Qxe2 
35.Rxe2 Rxe8 36.Bxb6 Be4 37.Ne5 Bf4 38.Nf3 Rb8 39.Be3 Bxf3 40.gxf3 Nd5 41.
Bxf4 Nxf4 42.Rd2 Rb3 43.Kf2 Rd3 44.Rxd3 Nxd3+ 45.Ke3 Ne5 46.Ke4 Nd7 47.Ne3
Kf7 48.Nc4 Kf6 49.Nd6 Kg5 50.f4+ Kg4 51.f5 exf5+ 52.Nxf5 Nc5+ 53.Ke5 Nd3+ 
54.Ke4 Nf2+ 55.Ke5 h5 56.Nxg7 h4 57.Nf5 h3 58.Nd4 Nh1 59.Ne2 Kf3 60.Nf4 
Nf2 1/2-1/2

[Event "34th WCh U20 Girls"]
[Site "Bhubaneswar IND"]
[Date "2016.08.19"]
[Round "11.8"]
[White "Parnali, S. Dharia"]
[Black "Varshini, Velavan"]
[Result "1-0"]
[WhiteElo "2203"]
[BlackElo "2129"]
[EventDate "2016.08.08"]
[PlyCount "101"]

1.d4 d5 2.c4 e6 3.Nf3 Nf6 4.g3 Be7 5.Bg2 O-O 6.O-O dxc4 7.Qa4 a6 8.Qxc4 b5
9.Qc2 Bb7 10.Bg5 Nbd7 11.Nbd2 Rc8 12.Bxf6 Nxf6 13.Nb3 Be4 14.Qc1 Nd7 15.
Qe3 Bd5 16.Nc5 Nxc5 17.dxc5 Bf6 18.Qa3 Qe7 19.Rad1 b4 20.Qe3 Bxa2 21.Ne5 
Bxe5 22.Qxe5 Rcd8 23.Ra1 Bd5 24.e4 Bc4 25.Rfc1 Bb5 26.Bf1 Bxf1 27.Kxf1 f6 
28.Qf4 Qd7 29.Kg1 Qc6 30.Qe3 Ra8 31.Ra5 Rfd8 32.Rca1 Kf7 33.Qe2 g6 34.Qc4 
f5 35.exf5 gxf5 36.Qxb4 Qf3 37.Re1 Rd5 38.Ra3 Qg4 39.Qb7 Rad8 40.Qxc7+ 
R8d7 41.Qc6 f4 42.Rxa6 Re7 43.Ra4 Rf5 44.Qd6 e5 45.Qd5+ Kg7 46.Ra8 Rg5 47.
Qg8+ Kh6 48.Ra6+ Rg6 49.Rxg6+ Qxg6 50.Qxg6+ Kxg6 51.gxf4 1-0